| 000 | 04142nam a2201261 a 4500 | ||
|---|---|---|---|
| 003 | PE-LiUPU | ||
| 005 | 20250813185713.0 | ||
| 008 | 240702b |||||||| |||| 00| 0 spa d | ||
| 020 | _a9786123178406 | ||
| 040 |
_apelibn _bspa _erda _cPE-LiUPU _dPE-LiUPU |
||
| 082 | 1 | 4 |
_a343.4 _223 _bL253d |
| 100 | 1 |
_aLanda Arroyo, César, _d1958-, _eautor. |
|
| 245 | 1 | 0 |
_aDerecho procesal constitucional / _cCésar Landa Arroyo. |
| 250 | _aSegunda edición. | ||
| 264 | 3 | 1 |
_aLima : _bFondo Editorial PUCP, _c2023. |
| 300 |
_a230 páginas ; _c21 centímetros. |
||
| 336 |
_aTexto _2rdacontent |
||
| 337 |
_asin mediación _2rdamedia |
||
| 338 |
_avolumen _2rdacarrier |
||
| 490 | 0 |
_a(Lo esencial del derecho ; _v36) |
|
| 500 | _a"Actualizada con el nuevo Código Procesal Constitucional" | ||
| 504 | _aBibliografía: páginas 223-226. | ||
| 505 | _aDerecho procesal constitucional: entre la constitución y el proceso -- El control de la constitucionalidad -- Fines y doble dimensión de los procesos constitucionales: diferencia con los procesos ordinarios -- Los principios que rigen los procesos constitucionales -- La jurisprudencia constitucional como fuente de derecho procesal constitucional -- Tribunal constitucional y división de poderes -- El proceso constitucional de amparo -- Proceso constitucional de Hábeas Corpus -- Proceso constitucional de Hábeas Data -- Proceso constitucional de cumplimiento -- Aspecto procesales comunes a los procesos constitucionales de tutela de los derechos fundamentales -- Proceso constitucional de inconstitucionalidad -- Proceso constitucional de acción popular -- Proceso constitucional de conflicto de competencias -- Acceso a la jurisdicción internacional. | ||
| 526 | _aP202 | ||
| 526 | _aP201 | ||
| 526 | _aP163 | ||
| 526 | _aP162 | ||
| 526 | _aP161 | ||
| 526 | _aP160 | ||
| 526 | _aP148 | ||
| 526 | _aP147 | ||
| 526 | _aP146 | ||
| 526 | _aP145 | ||
| 526 | _aP144 | ||
| 526 | _aP143 | ||
| 526 | _aP142 | ||
| 526 | _aP141 | ||
| 526 | _aP140 | ||
| 526 | _aP139 | ||
| 526 | _aP138 | ||
| 526 | _aP137 | ||
| 526 | _aP136 | ||
| 526 | _aP135 | ||
| 526 | _aP134 | ||
| 526 | _aP133 | ||
| 526 | _aP129 | ||
| 526 | _aP128 | ||
| 526 | _aP127 | ||
| 526 | _aP120 | ||
| 526 | _aP119 | ||
| 526 | _aP118 | ||
| 526 | _aP116 | ||
| 526 | _aP115 | ||
| 526 | _aP114 | ||
| 526 | _aP110 | ||
| 526 | _aP109 | ||
| 526 | _aP108 | ||
| 526 | _aP104 | ||
| 526 | _aP103 | ||
| 526 | _aP102 | ||
| 526 | _aP99 | ||
| 526 | _aP98 | ||
| 526 | _aP97 | ||
| 526 | _aP96 | ||
| 526 | _aP95 | ||
| 526 | _aP93 | ||
| 526 | _aP90 | ||
| 526 | _aP89 | ||
| 526 | _aP88 | ||
| 526 | _aP83 | ||
| 526 | _aP82 | ||
| 526 | _aP62 | ||
| 526 | _aP59 | ||
| 526 | _aP58 | ||
| 526 | _aP57 | ||
| 526 | _aP51 | ||
| 526 | _aP49 | ||
| 526 | _aP48 | ||
| 526 | _aP47 | ||
| 526 | _aP29 | ||
| 526 | _aP24 | ||
| 526 | _aP20 | ||
| 526 | _aP19 | ||
| 526 | _aP17 | ||
| 526 | _aP15 | ||
| 526 | _aP14 | ||
| 526 | _aP12 | ||
| 526 | _aP10 | ||
| 526 | _aP09 | ||
| 526 | _aP08 | ||
| 526 | _aP07 | ||
| 526 | _aP06 | ||
| 526 | _aP05 | ||
| 526 | _aP04 | ||
| 526 | _aP01 | ||
| 530 | _aDisponible también en formato electrónico. | ||
| 650 | 1 | 8 |
_aDerecho _xEstudio y enseñanza. |
| 650 | 2 | 8 |
_aDerecho procesal constitucional _zPerú. |
| 650 | 2 | 8 |
_aGarantías constitucionales _zPerú. |
| 710 | 2 |
_aPontificia Universidad Católica del Perú, _eentidad editora. |
|
| 776 | 1 |
_iVersión en línea _tDerecho procesal constitucional _aLima : Fondo Editorial PUCP, 2023 _z(ISBN) 9786123178482 _w(MFN) 625146 |
|
| 942 |
_2ddc _cBK |
||
| 999 |
_c62536 _d62535 |
||
| 980 |
_618226 _aJaime Vilcazán Jefe de Análisis Documental _81 _gALBERTO SANCHEZ Responsable de Automatización |
||